| 000 | 01792nam a2200397 c 4500 | ||
|---|---|---|---|
| 003 | BLK | ||
| 005 | 20180422115646.0 | ||
| 008 | 180411b bul|||||r ||||||| ||bul|| | ||
| 010 | _aKNG00198560000 | ||
| 040 | _aBLK | ||
| 041 |
_aBUL _cBUL |
||
| 080 |
_aХидротерапия (водотерапия). Балнеолечение. Курортотерапия - Лечение с бани, горещи бани, сауна, хладни бани, речно къпане, влажни фрикции, компреси, с "жива вода"(алкално активирана, с ph 9, 6;курорт _b615.838 _x(497.2) _z615.838(497.2) |
||
| 100 | 1 |
_aИлиев, Цветан Стоянов _eпърви автор _9383659 |
|
| 139 |
_aИлиев, Цветан Стоянов _bИ 52 |
||
| 245 | 1 | 0 |
_aКурортът Пампорово _cЦветан Стоянов Илиев. |
| 250 | _a2. доп. изд. | ||
| 257 | _aBGR | ||
| 260 |
_аСофия _bМедицина и физкултура _c1971 _fПловдив : Д. Благоев |
||
| 300 |
_a60 с. _bс ил. _c17 см |
||
| 380 | _a61 | ||
| 490 | 1 | _aНаши курорти | |
| 500 | _a1. изд. 1962 със загл. Курорт Васил Коларов "Пампорово". - 4 076 тир. | ||
| 650 | 4 |
_aПампорово _9179333 |
|
| 650 | 4 |
_aКлиматотерапия _9158746 |
|
| 650 | 4 |
_aБалнеотерапия - България _9246845 |
|
| 650 | 4 |
_aКурорти, планински _9291189 |
|
| 651 | 4 |
_aБългария _9241624 |
|
| 653 | _aПампорово | ||
| 653 | _aкурорти | ||
| 653 | _aбалнеолечение | ||
| 852 | _aЦб І 12352 | ||
| 856 | 4 |
_qpdf _u |
|
| 856 | 4 |
_qpdf _u |
|
| 942 |
_cKNG _n0 |
||
| 944 |
_aCR _c19.12.2016 _kЕлиз_Шакирова |
||
| 944 |
_aED _c19.12.2016 _kГеновева_Генчева |
||
| 999 |
_c189516 _d189516 |
||